000 00341nam a2200145Ia 4500
008 231217s9999 xx 000 0 und d
041 _aEnglish
082 _a001.6424UNI BRO
100 _aBrown P J
245 0 _aStarting with Unix
260 _c1984
_bNew York : Addison-Wesley,
300 _axiv+221
650 _aUnix
942 _cAA
999 _c162462
_d162462